00000000nam##2200000za#4500
0019.611347
003CaOODSP
00520200327122135
007ta
008150406|1993||||xxc|||||     f|0| 0 eng|d
020 |a0-660-15627-X
040 |aCaOODSP|beng
043 |an-cn---
0861 |aYM32-2/352E
24500|aLow-level radioactive waste management / |cby Ruth Fawcett, Science and Technology Division.
260 |aOttawa - Ontario : |bLibrary of Parliament. |c1993.
300 |a11p. : |breferences ; |c28 cm.
4901 |aBackground papers|vBP-352E
563 |aSoftcover
590 |a94-42|b1994-10-21
69007|aHazardous waste|2gcpds
7101 |aCanada.|bLibrary of Parliament.|bResearch Branch.
7201 |aFawcett, Ruth
830#0|aBackground papers ;|vBP-352E|w(CaOODSP)9.514933